| 000 | 01606nam0a2200349 4500 | ||
|---|---|---|---|
| 001 | RU\NLR\bibl\1820881 | ||
| 005 | 20260407110325.0 | ||
| 021 |
_aRU _b2011-70621 _95003 |
||
| 035 | _a(NLR Aleph) 001811438 | ||
| 090 |
_a1877345 _c1877345 |
||
| 100 | _a20111017d2011 |||y0rusy50 ca | ||
| 101 | 0 | _arus | |
| 102 | _aRU | ||
| 105 | _aa ||||||||| | ||
| 200 | 1 |
_aКавказский государственный природный биосферный заповедник имени Х. Г.Шапошникова _f[авт.-сост.: С. А. Трепет] |
|
| 210 |
_aАдлер _cИздание Кавказского заповедника _d2011 |
||
| 215 |
_a103, [17] с. _cцв. ил. _d35 |
||
| 300 | _aЗагл. обл.: Кавказский заповедник | ||
| 320 | _aБиблиогр. в конце кн. | ||
| 512 | 1 | _aКавказский заповедник | |
| 601 | 0 | 2 |
_aКавказский государственный природный биосферный заповедник _cКраснодарский край _91142777 _3RU\NLR\auth\66136628 |
| 686 | _aБ12(2)Кавказский | ||
| 702 | 1 |
_aТрепет _bС. А. _gСергей Алексеевич _4220 |
|
| 712 | 0 | 2 |
_4570 _aКавказский государственный природный биосферный заповедник _cКраснодарский край _9625791 _3RU\NLR\AUTH\8810062144 |
| 801 | 0 |
_aRU _bNLR _c20111017 _gRCR |
|
| 801 | 1 |
_aRU _bNLR _c20111017 |
|
| 830 | _aсрст. по ЭК | ||
| 942 | _cBOOK | ||
| 980 | _aNB | ||
| 980 | _aNBR | ||